[Event "4NCL/Div2/WWS1-BRI1"]
[Site "Birmingham ENG"]
[Date "2006.03.04"]
[Round "7.2"]
[White "Cobb, Charles A"]
[Black "Mason, Don J"]
[Result "1/2-1/2"]
[WhiteElo "2404"]
[BlackElo "2277"]
[PlyCount "86"]
[EventDate "2006.03.04"]
[EventType "team"]
[EventRounds "11"]
[EventCountry "ENG"]
[SourceDate "2006.03.04"]

1. c4 g6 2. e4 Bg7 3. d4 d6 4. Nc3 Nf6 5. Nf3 O-O 6. Be2 e5 7. dxe5 dxe5 8.
Qxd8 Rxd8 9. Bg5 Re8 10. Nd5 Nxd5 11. cxd5 c6 12. Bc4 cxd5 13. Bxd5 Nd7 14. Nd2
Nc5 15. O-O-O Ne6 16. Be3 Nf4 17. Bxf4 exf4 {=} 18. f3 Be6 19. Nb3 Rac8+ 20.
Kb1 Bxd5 21. Rxd5 f5 22. exf5 Re2 23. Rd2 Rxd2 24. Nxd2 gxf5 25. Nb3 Kf7 26.
Rc1 Rxc1+ 27. Nxc1 Be5 28. Kc2 Ke6 29. b3 Kd5 30. Kd3 b5 31. Ne2 Kc5 32. h3 h5
33. h4 a5 34. Ng1 Kb4 35. Kc2 Ka3 36. Kb1 Kb4 37. Kc2 Ka3 38. Kb1 Kb4 39. Ne2
a4 40. Kc2 Ka3 41. bxa4 bxa4 42. Kb1 Kb4 43. Kc2 Ka3 1/2-1/2

[Event "4NCL/Div2/WWS1-BRI1"]
[Site "Birmingham ENG"]
[Date "2006.03.04"]
[Round "7.3"]
[White "Hynes, Anthony MT"]
[Black "Sherwin, James T"]
[Result "1/2-1/2"]
[WhiteElo "2283"]
[BlackElo "2274"]
[PlyCount "67"]
[EventDate "2006.03.04"]
[EventType "team"]
[EventRounds "11"]
[EventCountry "ENG"]
[SourceDate "2006.03.04"]

1. e4 c5 2. Nf3 d6 3. d4 cxd4 4. Nxd4 Nf6 5. Nc3 a6 6. Bg5 e6 7. f4 Be7 8. Qf3
Qc7 9. O-O-O Nbd7 10. g4 b5 11. Bxf6 gxf6 12. f5 Ne5 13. Qh3 Bd7 14. fxe6 fxe6
15. g5 fxg5 16. Nxe6 Bxe6 17. Qxe6 Qd7 18. Qd5 Rc8 19. Nxb5 axb5 20. Bxb5 Rc6
21. Rd4 Rf8 22. b3 Kd8 23. Bxc6 Nxc6 24. Rc4 Kc7 25. b4 Kb6 26. Rd1 Rc8 27. Rc3
Bf6 28. Rb3 Be5 29. b5 Bf4+ 30. Kb1 Na5 31. Qd4+ Rc5 32. Rb4 Be5 33. Qe3 Nc4
34. Qd3 1/2-1/2

[Event "4NCL/Div2/WWS1-BRI1"]
[Site "Birmingham ENG"]
[Date "2006.03.04"]
[Round "7.4"]
[White "Buckley, David E"]
[Black "Shephard, Chris CW"]
[Result "0-1"]
[WhiteElo "2246"]
[BlackElo "2195"]
[PlyCount "80"]
[EventDate "2006.03.04"]
[EventType "team"]
[EventRounds "11"]
[EventCountry "ENG"]
[SourceDate "2006.03.04"]

1. d4 Nf6 2. c4 c5 3. d5 e5 4. Nc3 d6 5. e4 g6 6. Bd3 Bg7 7. f3 Nbd7 8. Be3 Nh5
9. Nge2 O-O 10. g4 Nf4 11. Nxf4 exf4 12. Bxf4 Ne5 13. Be2 a6 14. Qd2 b5 15.
cxb5 axb5 16. Nxb5 Ra4 17. O-O Rb4 18. Nc3 Rd4 19. Qe3 Rb4 20. Qd2 Rd4 21. Qc2
g5 22. Bd2 Ng6 23. Nd1 Be5 24. Bc3 Qf6 25. Bxd4 cxd4 26. Bd3 Nf4 27. b4 Qh6 28.
Nb2 Bd7 29. Rfc1 Rc8 30. Qd2 Rc3 31. Rc2 Qh3 32. Rf1 Rxd3 33. Nxd3 Bb5 34. a4
Bxd3 35. Rc8+ Kg7 36. Rf2 Ne2+ 37. Rxe2 Bxh2+ 38. Kh1 Bf4+ 39. Kg1 Bxd2 40.
Rxd2 Qxf3 0-1

[Event "4NCL/Div2/WWS1-BRI1"]
[Site "Birmingham ENG"]
[Date "2006.03.04"]
[Round "7.5"]
[White "Pitcher, John"]
[Black "Collier, David O"]
[Result "1/2-1/2"]
[WhiteElo "2183"]
[BlackElo "2142"]
[PlyCount "41"]
[EventDate "2006.03.04"]
[EventType "team"]
[EventRounds "11"]
[EventCountry "ENG"]
[SourceDate "2006.03.04"]

1. e4 e6 2. d4 d5 3. e5 c5 4. c3 Qd7 5. Nf3 b6 6. Na3 Ba6 7. Bxa6 Nxa6 8. Nc2
Ne7 9. O-O Nc6 10. Qe2 Nc7 11. Be3 Be7 12. Nfe1 Na5 13. b3 c4 14. b4 Nc6 15. a4
b5 16. a5 a6 17. Qg4 g6 18. Bh6 O-O-O 19. Nf3 Rdg8 20. h4 Bf8 21. Bxf8 1/2-1/2

[Event "4NCL/Div2/WWS1-BRI1"]
[Site "Birmingham ENG"]
[Date "2006.03.04"]
[Round "7.6"]
[White "Easton, Alex"]
[Black "Fishburne, Stewart K"]
[Result "1-0"]
[WhiteElo "2100"]
[BlackElo "2170"]
[PlyCount "101"]
[EventDate "2006.03.04"]
[EventType "team"]
[EventRounds "11"]
[EventCountry "ENG"]
[SourceDate "2006.03.04"]

1. Nf3 g6 2. c4 Bg7 3. d4 d6 4. Nc3 Nd7 5. e4 e5 6. Be2 Ne7 7. O-O O-O 8. Be3
f5 9. Ng5 Nb8 10. dxe5 f4 11. exd6 fxe3 12. dxe7 Qxe7 13. Qd5+ Kh8 14. fxe3 c6
15. Rxf8+ Bxf8 16. Qe5+ Qxe5 17. Nf7+ Kg7 18. Nxe5 Na6 19. Rd1 Be6 20. b3 Bc5
21. Kf2 Rf8+ 22. Bf3 Be7 23. Ne2 Nc5 {=} 24. Kg1 Bg5 25. Nf4 Bxf4 26. exf4 Rxf4
27. Nd3 Nxd3 28. Rxd3 Rf7 29. Kf2 Kf6 30. Ke3 Ke5 31. Rd8 Re7 32. Be2 c5 33. h3
b6 34. Bg4 Bf7 35. h4 Be6 36. Bxe6 Kxe6 37. Ra8 Ke5 38. g3 h6 39. Rh8 h5 40.
Rg8 Kf6 41. Kf4 Rb7 42. Rc8 Rf7 43. Rc6+ Kg7+ 44. Kg5 Kh7 45. Rxg6 Rf2 46. Kxh5
Rxa2 47. Rc6 Kg7 48. g4 Ra3 49. g5 Rxb3 50. Rc7+ Kf8 51. g6 1-0

[Event "4NCL/Div2/WWS1-BRI1"]
[Site "Birmingham ENG"]
[Date "2006.03.04"]
[Round "7.7"]
[White "Hunt, Malcolm A"]
[Black "Curtis, John E"]
[Result "1/2-1/2"]
[WhiteElo "2108"]
[BlackElo "2126"]
[PlyCount "32"]
[EventDate "2006.03.04"]
[EventType "team"]
[EventRounds "11"]
[EventCountry "ENG"]
[SourceDate "2006.03.04"]

1. d4 Nf6 2. Nf3 c5 3. c3 cxd4 4. cxd4 d5 5. Nc3 Nc6 6. Bf4 a6 7. e3 Bg4 8. Be2
e6 9. Rc1 Bd6 10. Bxd6 Qxd6 11. O-O O-O 12. h3 Bxf3 13. Bxf3 b5 14. Qd2 Rab8
15. Rfd1 Rfc8 16. Qd3 h6 1/2-1/2

[Event "4NCL/Div2/WWS1-BRI1"]
[Site "Birmingham ENG"]
[Date "2006.03.04"]
[Round "7.8"]
[White "James, Ann-Marie"]
[Black "Chevannes, Sabrina L"]
[Result "1/2-1/2"]
[WhiteElo "2082"]
[BlackElo "2100"]
[PlyCount "37"]
[EventDate "2006.03.04"]
[EventType "team"]
[EventRounds "11"]
[EventCountry "ENG"]
[SourceDate "2006.03.04"]

1. d4 d5 2. Bg5 c6 3. e3 Qb6 4. Qc1 Bf5 5. Nf3 e6 6. Bf4 Nf6 7. Nh4 Be4 8. Nd2
Be7 9. Nhf3 c5 10. dxc5 Bxc5 11. Nxe4 Nxe4 12. Bd3 Nf6 13. O-O Nbd7 14. h3 O-O
15. c3 Rfe8 16. Ne5 Be7 17. Qc2 Nc5 18. Be2 Rac8 19. Rfd1 1/2-1/2

[Event "4NCL/Div2/WES1-NWE2"]
[Site "Birmingham ENG"]
[Date "2006.03.04"]
[Round "7.1"]
[White "Corkett, Anthony R"]
[Black "Hulmes, David I"]
[Result "1/2-1/2"]
[WhiteElo "2354"]
[BlackElo "2206"]
[PlyCount "81"]
[EventDate "2006.03.04"]
[EventType "team"]
[EventRounds "11"]
[EventCountry "ENG"]
[SourceDate "2006.03.04"]

1. Nf3 d5 2. g3 c5 3. Bg2 Nc6 4. d4 e6 5. O-O Nf6 6. a3 Be7 7. dxc5 Bxc5 8. b4
Be7 9. Bb2 O-O 10. Nbd2 Bd7 11. c4 a5 12. b5 Na7 13. a4 Nc8 14. Rc1 Nd6 15. Ne5
Bc8 16. Qb3 Nxc4 17. Ndxc4 dxc4 18. Nxc4 Nd7 19. Rfd1 Bb4 20. Ne5 Qe7 21. Rxc8
Raxc8 22. Rxd7 Qg5 23. Bxb7 Rcd8 24. h4 Qf5 25. e4 Qh5 26. Qd3 Rxd7 27. Nxd7
Re8 28. Bc6 f5 29. exf5 exf5 30. Ne5 Rf8 31. Bf3 Qe8 32. Qd5+ Kh8 33. h5 Be7
34. Nd7 Rf7 35. h6 Bf6 36. Nxf6 gxf6 37. Qxf5 Qf8 38. Bd5 Qe7 39. Bxf7 Qe1+ 40.
Kg2 Qh1+ 41. Kxh1 1/2-1/2

[Event "4NCL/Div2/WES1-NWE2"]
[Site "Birmingham ENG"]
[Date "2006.03.04"]
[Round "7.2"]
[White "Lyell, Mark"]
[Black "Webb, Richard M"]
[Result "1/2-1/2"]
[WhiteElo "2235"]
[BlackElo "2302"]
[PlyCount "116"]
[EventDate "2006.03.04"]
[EventType "team"]
[EventRounds "11"]
[EventCountry "ENG"]
[SourceDate "2006.03.04"]

1. e4 c5 2. c3 Nf6 3. e5 Nd5 4. d4 cxd4 5. Nf3 Nc6 6. Bc4 Nb6 7. Bb3 d5 8. exd6
Qxd6 9. O-O Be6 10. Bxe6 Qxe6 11. Nxd4 Qd7 12. Be3 Nc4 13. Nd2 Nxe3 14. fxe3 e6
15. Qf3 Nxd4 16. exd4 Bd6 17. Ne4 O-O 18. Rae1 Be7 19. Qh5 Rad8 20. Ng5 Bxg5
21. Qxg5 Qd5 22. Qxd5 Rxd5 {=} 23. Re4 Rfd8 24. Kf2 Kf8 25. Ke3 Ke7 26. c4 Ra5
27. a3 f5 28. Re5 Rxe5+ 29. dxe5 g5 30. h4 Rg8 31. hxg5 Rxg5 32. Kf3 h5 33. Rh1
Kd7 34. g3 a5 35. Rd1+ Kc7 36. Rd6 Rg4 37. Rxe6 Rxc4 38. Rf6 h4 39. gxh4 Rxh4
40. Rxf5 Rh2 41. Ke4 Rxb2 42. Kd5 Rb3 43. Rf7+ Kd8 44. Ke6 Rxa3 45. Rxb7 a4 46.
Rd7+ Ke8 47. Ra7 Kd8 48. Ra8+ Kc7 49. Ke7 Ra1 50. e6 a3 51. Ra4 a2 52. Rc4+ Kb6
53. Rc2 Kb5 54. Rf2 Kb4 55. Kf7 Kb3 56. e7 Re1 57. Rxa2 Rxe7+ 58. Kxe7 Kxa2
1/2-1/2

[Event "4NCL/Div2/WES1-NWE2"]
[Site "Birmingham ENG"]
[Date "2006.03.04"]
[Round "7.3"]
[White "Upton, Ian J"]
[Black "Hughes, Howard R"]
[Result "1/2-1/2"]
[WhiteElo "2259"]
[BlackElo "2214"]
[PlyCount "82"]
[EventDate "2006.03.04"]
[EventType "team"]
[EventRounds "11"]
[EventCountry "ENG"]
[SourceDate "2006.03.04"]

1. d4 e6 2. e4 d5 3. Nd2 Nf6 4. e5 Nfd7 5. Bd3 c5 6. c3 Nc6 7. Ne2 cxd4 8. cxd4
Nb6 9. O-O a5 10. f4 g6 11. Nf3 Bd7 12. Nc3 a4 13. Kh1 h5 14. Rb1 Be7 15. Qe1
Nb4 16. Be2 a3 17. bxa3 Nc2 18. Qg3 Nxa3 19. Rb3 Nac4 20. Bd3 Kf8 21. Ng5 Bxg5
22. fxg5 Kg8 23. Qf2 Rh7 24. h4 Bc6 25. Bb1 Rg7 26. Ne2 Nc8 27. Rf3 Be8 28. Rb3
Bc6 29. Qf6 Qxf6 30. gxf6 Rh7 31. Nf4 Na7 32. Nh3 Nb5 33. Rf4 Rh8 34. Ng5 Nc7
35. Kh2 Kf8 36. Rg3 Ke8 37. Rf2 Ba4 38. Rd3 Rf8 39. Kh3 Kd7 40. Nh7 Rfc8 41.
Ng5 Rf8 1/2-1/2

[Event "4NCL/Div2/WES1-NWE2"]
[Site "Birmingham ENG"]
[Date "2006.03.04"]
[Round "7.4"]
[White "Spence, David J"]
[Black "Allicock, Rawle A"]
[Result "1/2-1/2"]
[WhiteElo "2221"]
[BlackElo "2302"]
[PlyCount "84"]
[EventDate "2006.03.04"]
[EventType "team"]
[EventRounds "11"]
[EventCountry "ENG"]
[SourceDate "2006.03.04"]

1. e4 c5 2. c3 g6 3. d4 cxd4 4. cxd4 d5 5. e5 Bg7 6. g3 f6 7. exf6 exf6 8. Bg2
Ne7 9. Nc3 Nbc6 10. Nge2 Be6 11. Be3 Qd7 12. Nf4 Bf7 13. Bh3 Qd6 14. O-O f5 15.
Nd3 O-O 16. Bf4 Qf6 17. Be5 Nxe5 18. dxe5 Qb6 19. Na4 Qd4 20. Nac5 Nc6 21. e6
Be8 22. Re1 Ne5 23. Rxe5 Bxe5 24. Nb3 Qb6 25. e7 Rf6 26. Nxe5 Bc6 27. Bg2 Rd6
28. Nc4 dxc4 29. Qxd6 Bxg2 30. Qe5 Bc6 31. Nc5 Re8 32. Rd1 Qb5 33. Qe6+ Kg7 34.
Qe5+ Kg8 35. a4 Qb4 36. Qe6+ Kg7 37. Qd6 Qxb2 38. Ne6+ Kg8 39. Nd4 c3 40. Qe6+
Kg7 41. Qe5+ Kg8 42. Qe6+ Kg7 1/2-1/2

[Event "4NCL/Div2/WES1-NWE2"]
[Site "Birmingham ENG"]
[Date "2006.03.04"]
[Round "7.5"]
[White "Simons, Martin J"]
[Black "Coates, Kenneth G"]
[Result "0-1"]
[WhiteElo "2293"]
[BlackElo "2197"]
[PlyCount "70"]
[EventDate "2006.03.04"]
[EventType "team"]
[EventRounds "11"]
[EventCountry "ENG"]
[SourceDate "2006.03.04"]

1. e4 c5 2. Nc3 Nc6 3. g3 g6 4. Bg2 Bg7 5. d3 d6 6. Be3 Rb8 7. f4 e6 8. Nf3
Nge7 9. O-O O-O 10. Qd2 b5 11. e5 Nd5 12. Bf2 Nxc3 13. bxc3 Bb7 14. Ng5 dxe5
15. Bxc5 Re8 16. fxe5 Nxe5 17. Ne4 Bxe4 18. Bxe4 Qc7 19. Bd4 b4 20. Qf4 bxc3
21. Rab1 Nf3+ 22. Qxf3 Bxd4+ 23. Kg2 Rb2 24. Qe2 Reb8 25. Ra1 Qa5 26. a3 Rxc2
27. Qxc2 Rb2 28. Rfc1 Be3 29. Kf3 Rxc2 30. Rxc2 Bd2 31. Kg2 Qd8 32. Raa2 f5 33.
Bf3 Qxd3 34. a4 a5 35. Bc6 Qe2+ 0-1

[Event "4NCL/Div2/WES1-NWE2"]
[Site "Birmingham ENG"]
[Date "2006.03.04"]
[Round "7.6"]
[White "Hanley, James L"]
[Black "Yeo, Michael J"]
[Result "1/2-1/2"]
[WhiteElo "2108"]
[BlackElo "2217"]
[PlyCount "60"]
[EventDate "2006.03.04"]
[EventType "team"]
[EventRounds "11"]
[EventCountry "ENG"]
[SourceDate "2006.03.04"]

1. e4 e5 2. Nf3 Nc6 3. Bb5 a6 4. Ba4 d6 5. c3 f5 6. exf5 Bxf5 7. O-O Bd3 8. Re1
Be7 9. Bc2 Bxc2 10. Qxc2 Qd7 11. d4 Nf6 12. Nbd2 exd4 13. cxd4 O-O 14. Nf1 Kh8
15. Bd2 d5 16. Ng3 Bd6 17. Qb3 Rab8 18. Bc3 Bxg3 19. hxg3 Ne4 20. Re2 Rf6 21.
Rae1 Rbf8 22. Rxe4 dxe4 23. Rxe4 Qf5 24. Re1 Nd8 25. d5 R6f7 26. Bb4 Rg8 27.
Re5 Qb1+ 28. Re1 Qf5 29. Re5 Qb1+ 30. Re1 Qf5 1/2-1/2

[Event "4NCL/Div2/WES1-NWE2"]
[Site "Birmingham ENG"]
[Date "2006.03.04"]
[Round "7.7"]
[White "Jenks, Chris B"]
[Black "McCarthy, Jim"]
[Result "1/2-1/2"]
[WhiteElo "2120"]
[BlackElo "2082"]
[PlyCount "74"]
[EventDate "2006.03.04"]
[EventType "team"]
[EventRounds "11"]
[EventCountry "ENG"]
[SourceDate "2006.03.04"]

1. d4 Nf6 2. Bf4 e6 3. e3 c5 4. c3 Nc6 5. Nf3 d5 6. Nbd2 Bd6 7. Ne5 O-O 8. Bd3
Qc7 9. Ndf3 Ne4 10. O-O f6 11. Nxc6 Bxf4 12. exf4 bxc6 13. g3 cxd4 14. cxd4 Qb6
15. Qe2 e5 16. Bxe4 dxe4 17. Qxe4 exf4 18. Rac1 fxg3 19. hxg3 Bd7 20. Kg2 Rfe8
21. Qc2 Re7 22. Rh1 g6 23. Rh4 Rae8 24. Qc4+ Kg7 25. b3 g5 26. Rhh1 g4 27. Nh4
Be6 28. Qd3 Qa5 29. Kh2 Qxa2 30. Nf5+ Kh8 31. Kg1 Bxf5 32. Qxf5 Qxb3 33. Qxf6+
Rg7 34. Qxc6 Rf8 35. Qc3 Qd5 36. Rh4 Rd8 37. Rd1 a5 1/2-1/2

[Event "4NCL/Div2/WES1-NWE2"]
[Site "Birmingham ENG"]
[Date "2006.03.04"]
[Round "7.8"]
[White "Morrison, Lynne GP"]
[Black "Khoo, Selina"]
[Result "1/2-1/2"]
[WhiteElo "2003"]
[BlackElo "1997"]
[PlyCount "108"]
[EventDate "2006.03.04"]
[EventType "team"]
[EventRounds "11"]
[EventCountry "ENG"]
[SourceDate "2006.03.04"]

1. d4 d5 2. Nf3 Nf6 3. e3 Bg4 4. c4 c6 5. Qb3 Qc7 6. Ne5 Bd7 7. Nc3 e6 8. Bd2
dxc4 9. Bxc4 Bd6 10. f4 O-O 11. O-O a6 12. Rac1 Bc8 13. Bd3 Qe7 14. Nc4 Bc7 15.
Ne4 Nd5 16. Ng5 h6 17. Nh3 Rd8 18. Rf3 Nd7 19. Bb1 c5 20. Qc2 Nf8 21. Ne5 cxd4
22. e4 Bxe5 23. exd5 Bf6 24. dxe6 Bxe6 25. Re1 Qd7 26. f5 Bd5 27. Rf2 Bh4 28.
g3 Bf6 29. Bf4 Rac8 30. Qd2 Re8 31. Rfe2 Rxe2 32. Qxe2 Bc4 33. Qd2 Re8 34. b3
Bd5 35. Nf2 Rxe1+ 36. Qxe1 Bc6 37. Bd3 Qd5 38. Be4 Qd7 39. Bd3 Qd5 40. Be4 Qd7
41. Bd3 Nh7 42. h4 Be7 43. Be4 Bxe4 44. Qxe4 Nf6 45. Qd3 Qd5 46. g4 Nd7 47. g5
hxg5 48. hxg5 Nc5 49. Qh3 Ne4 50. g6 fxg6 51. fxg6 Nxf2 52. Kxf2 Bc5 53. Qc8+
Bf8 54. Qh3 Bc5 1/2-1/2

[Event "4NCL/Div2/WGR3-GUI3"]
[Site "Birmingham ENG"]
[Date "2006.03.04"]
[Round "7.1"]
[White "Martin, Andrew D"]
[Black "Thompson, Ian D"]
[Result "1-0"]
[WhiteElo "2433"]
[BlackElo "2295"]
[PlyCount "59"]
[EventDate "2006.03.04"]
[EventType "team"]
[EventRounds "11"]
[EventCountry "ENG"]
[SourceDate "2006.03.04"]

1. d4 d5 2. Bg5 c5 3. e4 dxe4 4. d5 Qb6 5. Nc3 h6 6. Bf4 Nf6 7. Qd2 e6 8. O-O-O
exd5 9. Bxb8 Rxb8 10. Bb5+ Bd7 11. Nxd5 Nxd5 12. Qxd5 Qxb5 13. Qe5+ Be7 14.
Qxb8+ Bd8 15. Qe5+ Kf8 16. Qb8 Ke7 17. Ne2 Qc6 18. Qe5+ Be6 19. Qxg7 Re8 20.
Nf4 Bc4 21. b3 Bc7 22. g3 Bxf4+ 23. gxf4 Be6 24. f5 Bxf5 25. Qe5+ Be6 26. Rhe1
Rg8 27. Rxe4 f6 28. Qf4 Kf7 29. Rd6 Rg4 30. Rxc6 1-0

[Event "4NCL/Div2/WGR3-GUI3"]
[Site "Birmingham ENG"]
[Date "2006.03.04"]
[Round "7.2"]
[White "Granat, Russell G"]
[Black "Tiller, Bjorn"]
[Result "0-1"]
[WhiteElo "2262"]
[BlackElo "2346"]
[PlyCount "74"]
[EventDate "2006.03.04"]
[EventType "team"]
[EventRounds "11"]
[EventCountry "ENG"]
[SourceDate "2006.03.04"]

1. e4 g6 2. d4 Bg7 3. h4 h5 4. Nf3 d6 5. c3 Nf6 6. Ng5 O-O 7. Bf4 c5 8. dxc5
dxc5 9. Qxd8 Rxd8 10. Nd2 Nc6 11. f3 Nd7 12. Bc7 Rf8 13. O-O-O Be5 14. Bxe5
Ndxe5 15. Nc4 f6 16. Nh3 Be6 17. Nxe5 Nxe5 18. b3 a5 19. Nf4 Bf7 20. Nd5 Bxd5
21. Rxd5 a4 22. f4 axb3 23. a4 Nf7 24. Bb5 Nd6 25. Rxd6 exd6 26. Rd1 Rfd8 27.
Kb2 Kf7 28. Kxb3 Ke7 29. Rd3 Rg8 30. Bc4 Rg7 31. Rd5 b6 32. Be2 f5 33. exf5
gxf5 34. Rxf5 Rxg2 35. Bf3 Ra5 36. Rxh5 Rf2 37. Bc6 c4+ 0-1

[Event "4NCL/Div2/WGR3-GUI3"]
[Site "Birmingham ENG"]
[Date "2006.03.04"]
[Round "7.3"]
[White "Tan, Desmond TN"]
[Black "Richardson, Keith B"]
[Result "1-0"]
[WhiteElo "2323"]
[BlackElo "2236"]
[PlyCount "43"]
[EventDate "2006.03.04"]
[EventType "team"]
[EventRounds "11"]
[EventCountry "ENG"]
[SourceDate "2006.03.04"]

1. e4 g6 2. d4 Bg7 3. Nf3 d6 4. Be2 Nf6 5. Nc3 O-O 6. O-O Nc6 7. d5 Nb8 8. Re1
c5 9. e5 dxe5 10. Nxe5 Nbd7 11. Nxd7 Bxd7 12. Bf3 Rc8 13. Bf4 Re8 14. a4 Qa5
15. Be5 Qb4 16. Ra3 Qh4 17. h3 h5 18. Qd2 Bf5 19. a5 Nh7 20. Bf4 g5 21. g3 Qxh3
22. Bg2 1-0

[Event "4NCL/Div2/WGR3-GUI3"]
[Site "Birmingham ENG"]
[Date "2006.03.04"]
[Round "7.4"]
[White "Jackson, Adrian"]
[Black "Grant, Jonathan"]
[Result "0-1"]
[WhiteElo "2226"]
[BlackElo "2254"]
[PlyCount "78"]
[EventDate "2006.03.04"]
[EventType "team"]
[EventRounds "11"]
[EventCountry "ENG"]
[SourceDate "2006.03.04"]

1. e4 c6 2. d4 d5 3. Nc3 dxe4 4. Nxe4 Bf5 5. Ng3 Bg6 6. h4 h6 7. Nf3 Nd7 8. h5
Bh7 9. Bd3 Bxd3 10. Qxd3 e6 11. Bd2 Ngf6 12. c4 Be7 13. O-O-O b5 14. Kb1 O-O
15. Qe2 bxc4 16. Ne5 c3 17. Bxc3 Nd5 18. Ne4 Qc7 19. Rc1 Rab8 20. Ka1 Rb5 21.
Rhe1 Rfb8 22. Rc2 a5 23. g3 a4 24. f4 Nxe5 25. dxe5 Qb6 26. Rb1 Rb3 27. Re1 Bb4
28. axb3 axb3 29. Bxb4 Nxb4 30. Rc4 Nc2+ 31. Rxc2 bxc2 32. Qxc2 Qa5+ 33. Kb1
Qxe1+ 34. Ka2 Qe3 35. Nc3 Qxg3 36. Qd2 Qg1 37. Qd1 Qxd1 38. Nxd1 Rb4 39. Nc3
Rxf4 0-1

[Event "4NCL/Div2/WGR3-GUI3"]
[Site "Birmingham ENG"]
[Date "2006.03.04"]
[Round "7.5"]
[White "Lee, Graham D"]
[Black "Anderton, Matthew N"]
[Result "1-0"]
[WhiteElo "2283"]
[BlackElo "2205"]
[PlyCount "79"]
[EventDate "2006.03.04"]
[EventType "team"]
[EventRounds "11"]
[EventCountry "ENG"]
[SourceDate "2006.03.04"]

1. e4 e6 2. d4 d5 3. e5 c5 4. c3 Nc6 5. Nf3 Bd7 6. a3 f6 7. Bd3 cxd4 8. cxd4
Nh6 9. Bxh6 gxh6 10. Qc2 Bg7 11. Bxh7 fxe5 12. Bg6+ Kf8 13. dxe5 Nxe5 14. Nxe5
Bxe5 15. O-O Kg7 16. f4 Rf8 17. Bh5 Bd4+ 18. Kh1 Qg5 19. Qd3 Qxh5 20. Qxd4+ e5
21. Qd3 d4 22. Nd2 Qf5 23. Qg3+ Qg6 24. Qxg6+ Kxg6 25. fxe5 Bb5 26. Rxf8 Rxf8
27. Nf3 d3 28. Kg1 Rd8 29. Kf2 Kf5 30. Ke3 Bc6 31. Rd1 Bxf3 32. gxf3 Kxe5 33.
Rxd3 Rg8 34. Rd7 Rg2 35. Rxb7 Rxh2 36. b4 a6 37. Rb6 Rb2 38. Rxa6 Rb3+ 39. Kd2
h5 40. Kc2 1-0

[Event "4NCL/Div2/WGR3-GUI3"]
[Site "Birmingham ENG"]
[Date "2006.03.04"]
[Round "7.6"]
[White "Abayasekera, Roger FT"]
[Black "Gilbert, Jessie LC"]
[Result "1-0"]
[WhiteElo "2210"]
[BlackElo "2098"]
[PlyCount "89"]
[EventDate "2006.03.04"]
[EventType "team"]
[EventRounds "11"]
[EventCountry "ENG"]
[SourceDate "2006.03.04"]

1. Nf3 g6 2. e4 Bg7 3. d4 d6 4. Nc3 a6 5. a4 b6 6. Be3 Bb7 7. h3 Nd7 8. Be2 c5
9. d5 Qc7 10. Qd2 Ngf6 11. Bh6 Bxh6 12. Qxh6 e6 13. dxe6 fxe6 14. Ng5 Nf8 15.
Qh4 Qe7 16. e5 dxe5 17. Bf3 Nd5 18. Qg4 h5 19. Qg3 Nf4 20. O-O-O Rc8 21. Kb1 h4
22. Qg4 Bxf3 23. Nxf3 Nd7 24. Nxe5 Nxe5 25. Qxf4 Rh5 26. Ne4 Rf5 27. Qh6 Rh5
28. Nd6+ Qxd6 29. Qxh5 gxh5 30. Rxd6 Rc6 31. Rxc6 Nxc6 32. Re1 Kf7 33. Re4 e5
34. Rxh4 Kg6 35. c3 Kg5 36. g3 b5 37. Kc2 c4 38. axb5 axb5 39. b3 cxb3+ 40.
Kxb3 Kg6 41. Kc2 Kg5 42. Kd3 Kg6 43. Ke4 b4 44. Kd5 Ne7+ 45. Ke6 1-0

[Event "4NCL/Div2/WGR3-GUI3"]
[Site "Birmingham ENG"]
[Date "2006.03.04"]
[Round "7.7"]
[White "Hasman, Cengiz"]
[Black "Morris, Claire H"]
[Result "1-0"]
[WhiteElo "2152"]
[BlackElo "1920"]
[PlyCount "55"]
[EventDate "2006.03.04"]
[EventType "team"]
[EventRounds "11"]
[EventCountry "ENG"]
[SourceDate "2006.03.04"]

1. d4 Nf6 2. c4 g6 3. Nc3 Bg7 4. e4 d6 5. Nge2 O-O 6. Ng3 Nc6 7. d5 Ne5 8. Be2
c6 9. h3 Ne8 10. O-O f5 11. f4 Qb6+ 12. Kh1 Nf7 13. exf5 gxf5 14. Bd3 Nd8 15.
Qc2 e6 16. dxe6 Nxe6 17. Nxf5 Rf7 18. Be3 Qc7 19. Nxg7 Rxg7 20. f5 Nf8 21. Ne4
d5 22. cxd5 cxd5 23. Qb3 Qe5 24. Bh6 Rf7 25. Ng5 Rf6 26. Rae1 Qd6 27. Ne4 Qc6
28. Bb5 1-0

[Event "4NCL/Div2/WGR3-GUI3"]
[Site "Birmingham ENG"]
[Date "2006.03.04"]
[Round "7.8"]
[White "Hale, Peter"]
[Black "Kikoyo, Ali"]
[Result "0-1"]
[WhiteElo "1570"]
[BlackElo "2065"]
[PlyCount "42"]
[EventDate "2006.03.04"]
[EventType "team"]
[EventRounds "11"]
[EventCountry "ENG"]
[SourceDate "2006.03.04"]

1. e4 e5 2. Nf3 Nf6 3. d4 Nxe4 4. Qe2 d5 5. Nxe5 Bd6 6. Nc4 O-O 7. Nbd2 dxc4 8.
Nxe4 Re8 9. Bg5 Bb4+ 10. c3 Be7 11. Bxe7 Qxe7 12. f3 f5 13. Qxc4+ Kh8 14. O-O-O
fxe4 15. Bd3 exd3 16. Rde1 d2+ 17. Kxd2 Qg5+ 18. Kc2 Bf5+ 19. Kd1 Nc6 20. Qf7
Bg6 21. Qxc7 Qxg2 0-1